00313nam a22000977a 450000500170000002000180001708200210003524500900005626000510014630000180019720260624152345.0 a9781009180542 a 327.101 4 ABB/I aInformal governance in politics/cedited by Kenneth W.Abbott and Thomas J. Biersteker a. -U K b ; Cambridge University pressc, 2024 axvi+319 pages